000 00729cam a2200169 4500
001 WB3528-42
008 000000n1999 000 0 eng u
035 _a(Sirsi) u102307
245 _aE-commerce expertise.
260 _c1999
490 _aGuardian
_v21 July 1999, 23(1)
520 _aA study from the Boston Consulting Group shows that the number of consumers buying on the net increased fourfold in 1998, while online orders tripled. Internet sales accounted for 0.5% of all retail transactions; 62% of the $14.9bn online revenues were from retailers who predated the web. Chart.
650 _aELECTRONIC COMMERCE
650 _aINTERNET
690 _aMANAGEMENT-BUSINESS MANAGEMENT-INFORMATION MANAGEMENT
942 _n0
999 _c61332
_d61332